=LDR 00000nam 2200000 4500 =001 INLIS000000000056390 =005 20200901091247 =035 ##$$a 0010-0920000021 =007 ta =008 200901###########################0#eng## =020 ##$$a 962-593-017-5 =082 ##$$a 915.959 81 =084 ##$$a 915.959 81 Sum s =245 ##$$a Sumatera =300 ##$$a 327 Halaman : $b Ilustrasi ; $c 22 Cm. =650 #4$$a Sumatera-Perjalanan =700 #$$a Editor : Eric M. Oey =264 ##$$a Singapura :$b Perplus Editions,$c 1996 =336 ##$$a teks$2 rdacontent =337 ##$$a lain-lain$2 rdamedia =338 ##$$a lain-lain$2 rdacarrier =990 ##$$a 31343134 =990 ##$$a 31343134